Federico Nietzsche o el combate con el Demonio 1844-1900

Αποθηκεύτηκε σε:
Λεπτομέρειες βιβλιογραφικής εγγραφής
Κύριος συγγραφέας: Zweig, Stefan (autor)
Μορφή: Βιβλίο
Γλώσσα:Ισπανικά
Έκδοση: Santiago Nueva Epoca 1932
Σειρά:Colección Hombres e Ideas
Θέματα:
Ετικέτες: Προσθήκη ετικέτας
Δεν υπάρχουν, Καταχωρήστε ετικέτα πρώτοι!

MARC

LEADER 00000nam a2200000 a 4500
001 UCH1299
003 CL-VaPUC
008 090420e19320000CL |||||||||||||||||spa|d
082 0 4 |a 921.3  |b ZWE  |2 21 
100 |a Zweig, Stefan  |e autor  |9 523157 
245 1 0 |a Federico Nietzsche o el combate con el Demonio 1844-1900 
300 |a 99 p 
942 |c BK 
945 |d 20090420 00:00:00  |a dcastane 
260 |a Santiago  |b Nueva Epoca  |c 1932 
600 0 7 |a NIETZCHE, FRIEDRICH  |2 CL-VaPUC  |9 534725 
650 0 |a Biografías  |9 255210 
583 |a last modification  |c 20090420 00:00:00  |k Rodrigo Vera 
490 0 |a Colección Hombres e Ideas 
999 |c 333351  |d 333349 
952 |0 0  |1 0  |4 0  |6 921_300000000000000_ZWE_1932  |7 0  |8 P  |9 421700  |a BIBEDU  |b BIBEDU  |c BIBEDU_PB  |d 2019-11-22  |i 4518551  |o 921.3 ZWE 1932  |p 4518551  |r 2024-01-25  |w 2019-11-22  |y BK  |k FIL